000 01089nam a2200229 a 4500
001 000982092
003 AM-YeHGA
005 20250617161114.0
008 130918s1965 ru r 000 0 rus d
040 _aAM-YeHGA
041 0 _arus
245 0 0 _aУниверсальная десятичная классификация :
_bСокращенные таблицы /
_cПодгот.: Г.А. Джимиева и др.
260 _aМосквa :
_bДом техники,
_c1965.
300 _aЧасть ;
_c29 см.
505 1 0 _gЧ. 1 (1965, 138 с.) :
_tЕстественные и технические науки
650 1 4 _aБиблиотечное дело
_xОрганизация и развитие библиотечного дела
650 1 4 _aРабота библиотек
_xКлассификация
650 1 4 _aЕстественные и технические науки
653 0 _aУниверсальная десятичная классификация - Таблицы
700 1 _aДжимиева, Г.А.
_eподгот.
_4com
090 _c468802
999 _c465603
_d465603